Nationalökonomie und Philosophie. /
Guardado en:
| Autor Principal: | |
|---|---|
| Formato: | Libro |
| Idioma: | German |
| Publicado: |
Berlin :
Duncker & Humblot,
[1961]
|
| Series: | Erfahrung und Denken ;
Bd 7 |
| Materias: | |
| Etiquetas: |
Agregar Etiqueta
Sin Etiquetas, Sea el primero en etiquetar este registro!
|
| LEADER | 00653cam a22002051 4500 | ||
|---|---|---|---|
| 001 | EEO.eeo003321 | ||
| 008 | 790724s1961####gw#####g######000#0#ger## | ||
| 005 | 20180604111542.0 | ||
| 245 | 1 | 0 | |a Nationalökonomie und Philosophie. / |c Dr. Alfred Amonn. |
| 260 | |a Berlin : |b Duncker & Humblot, |c [1961] | ||
| 300 | |a 266 p. ; |c 24 cm. | ||
| 490 | 1 | |a Erfahrung und Denken ; |v Bd 7 | |
| 100 | 1 | |a Amonn, Alfred, |d 1883- | |
| 830 | 0 | |a Erfahrung und Denken ; |v Bd 7 | |
| 650 | 7 | |a Economía. |2 mpirdes | |
| 650 | 7 | |a Filosofía. |2 mpirdes | |
| 010 | |a 62050159 | ||
| 040 | |a DLC |c NIC |d DLC | ||
| 050 | 0 | 0 | |a HB175 |b .A59 |
| 859 | |a AR-BaUEB |b BIB. ECONOMIA - General |h 330.1 |i Am67-1 |p e02221 | ||
